| 000 | 00676nam a2200217 i 4500 | ||
|---|---|---|---|
| 001 | bg | ||
| 100 | 1 | _aSCHUBRING, Anna | |
| 245 | 1 | 0 |
_aFrance 2000 : _bekologia - energetyka - informatyka - telekomunikacja - transport / _cAnna Schubring, Tadeusz Schubring. |
| 260 |
_aWarszawa : _bWydawnictwa Szkolne i Pedagogiczne, _c1992. |
||
| 300 |
_a175, [1] s. : _bfot., mapy, rys. ; _c24 cm. |
||
| 650 | 9 | _aJęzyk francuski | |
| 655 | _aPodręczniki szkolne | ||
| 700 | 1 | _aSCHUBRING, Tadeusz | |
| 020 | _a8302049107 | ||
| 040 | _cBPK | ||
| 041 | 0 |
_afr _gpl |
|
| 080 | _a811.133.1(075.3) | ||
| 920 | _a83-02-04910-7 | ||
| 942 | _cKS | ||
| 008 | s pl f |000 0 pol | ||
| 999 |
_c31775 _d31775 |
||
| 856 |
_uhttp://koha.tu.koszalin.pl/cgi-bin/koha/opac-detail.pl?biblionumber=31775 _yKatalog online BPK |
||